00724nam a2200229Ia 4500003000400000005001700004008004000021020001800061040000700079041000800086082001600094100002200110245006700132260003800199300001100237650002000248690002700268906001100295942001200306999001900318952015700337OSt20250812151205.0210210b2010 xxu||||| |||| 00| 0 eng d a9788125038634 cAL aeng a305.56 KUMD aRaj Kumar9235192 aDalit personal narrativesb: reading caste nation and identity aHyderabadbOrient BlackSwanc2010 ax,298p areading9235193 aSocial Classes9235194 a065109 2ddccBK c141688d141688 001040708SociologyaALbALcSociologyd2021-02-17eKnowledge World, Bangalore-18g650.00l0o305.56 KUMDp065109r2021-02-17 00:00:00w2021-02-17yBK